Sports Quiz

Random Sports or NFL Quiz

NFL 100 Yard Rushers (2008) Quiz Stats

 Plays Quiz Updated Mar 27, 2018

Score 0/130 Timer 07:00
0 Plays Today
Yards Player % Correct
192Adrian Peterson
93.6%
165Adrian Peterson
93.6%
160Adrian Peterson
93.6%
139Adrian Peterson
93.6%
131Adrian Peterson
93.6%
121Adrian Peterson
93.6%
111Adrian Peterson
93.6%
105Adrian Peterson
93.6%
103Adrian Peterson
93.6%
103Adrian Peterson
93.6%
168Chris Johnson
90.9%
136Chris Johnson
90.9%
125Chris Johnson
90.9%
109Chris Johnson
90.9%
198Larry Johnson
89.8%
121Larry Johnson
89.8%
108Larry Johnson
89.8%
159Thomas Jones
87.8%
149Thomas Jones
87.8%
138Thomas Jones
87.8%
104Thomas Jones
87.8%
101Thomas Jones
87.8%
140Julius Jones
87.6%
127Julius Jones
87.6%
106LaDainian Tomlinson
85.6%
105LaDainian Tomlinson
85.6%
105Ricky Williams
83.8%
186DeAngelo Williams
83.8%
178DeAngelo Williams
83.8%
123DeAngelo Williams
83.8%
120DeAngelo Williams
83.8%
108DeAngelo Williams
83.8%
108DeAngelo Williams
83.8%
140DeAngelo Williams
83.8%
101DeAngelo Williams
83.8%
161Steven Jackson
74.3%
160Steven Jackson
74.3%
110Steven Jackson
74.3%
108Steven Jackson
74.3%
136Fred Jackson
73.5%
142Marion Barber
72.3%
114Marion Barber
72.3%
100Marion Barber
72.3%
125Maurice Jones-Drew
72%
Yards Player % Correct
107Maurice Jones-Drew
72%
220Michael Turner
71.3%
208Michael Turner
71.3%
152Michael Turner
71.3%
139Michael Turner
71.3%
121Michael Turner
71.3%
120Michael Turner
71.3%
117Michael Turner
71.3%
104Michael Turner
71.3%
125Ronnie Brown
70.6%
113Ronnie Brown
70.6%
101Ronnie Brown
70.6%
177Michael Bush
70%
130Frank Gore
69.9%
106Frank Gore
69.9%
101Frank Gore
69.9%
167Brian Westbrook
68.8%
131Brian Westbrook
68.8%
110Brian Westbrook
68.8%
175Clinton Portis
68.6%
145Clinton Portis
68.6%
143Clinton Portis
68.6%
129Clinton Portis
68.6%
126Clinton Portis
68.6%
121Clinton Portis
68.6%
136Brandon Jacobs
67.2%
126Brandon Jacobs
67.2%
117Brandon Jacobs
67.2%
116Brandon Jacobs
67.2%
105Joseph Addai
65.9%
138Willie Parker
64.1%
116Willie Parker
64.1%
115Willie Parker
64.1%
105Willie Parker
64.1%
112Kevin Smith
63.5%
111Kevin Smith
63.5%
139Matt Forte
62.8%
126Matt Forte
62.8%
123Matt Forte
62.8%
121Fred Taylor
61.1%
171Cedric Benson
60.9%
111Cedric Benson
60.9%
104Cedric Benson
60.9%
145Ryan Grant
60.9%
Yards Player % Correct
106Ryan Grant
60.9%
105Ryan Grant
60.9%
104Ryan Grant
60.9%
100Edgerrin James
58.6%
100Edgerrin James
58.6%
154Ray Rice
57.6%
130Jonathan Stewart
56.2%
115Jonathan Stewart
56.2%
134Marshawn Lynch
55.8%
127Marshawn Lynch
55.8%
119Marshawn Lynch
55.8%
112Willis McGahee
54.3%
108Willis McGahee
54.3%
105Willis McGahee
54.3%
156Steve Slaton
53.4%
130Steve Slaton
53.4%
120Steve Slaton
53.4%
116Steve Slaton
53.4%
100Steve Slaton
53.4%
102Pierre Thomas
52.7%
115Darren Sproles
52%
164Darren McFadden
51.2%
149LenDale White
48.1%
106LenDale White
48.1%
215Derrick Ward
44.8%
101Derrick Ward
44.8%
109Tim Hightower
41.9%
106Justin Fargas
34.8%
107Justin Fargas
34.8%
138Sammy Morris
29.2%
117Sammy Morris
29.2%
116Maurice Morris
29%
103Maurice Morris
29%
115Warrick Dunn
28.6%
129Peyton Hillis
24%
139Le'Ron McClain
22.3%
105BenJarvus Green-Ellis
18.2%
116Earnest Graham
17.8%
111Earnest Graham
17.8%
120Mewelde Moore
17.1%
109Michael Pittman
7.1%
106DeShawn Wynn
5.8%

You're not logged in!

Compare scores with friends on all Sporcle quizzes.
OR
Log In

Sporcle TV

Today on Sporcle TV


Watch our educational content, quiz creation guides, and fun videos on Sporcle TV.

Show Comments

Extras

Top Quizzes Today


Score Distribution

Your Account Isn't Verified!

In order to create a playlist on Sporcle, you need to verify the email address you used during registration. Go to your Sporcle Settings to finish the process.

Report this User

Report this user for behavior that violates our Community Guidelines.

Details: